000 00369nam a2200145Ia 4500
008 230917s9999||||xx |||||||||||||| ||und||
040 _e34699
_aMAIN
041 _aEnglish
082 _a942 H629 C:S
100 _aCoward, Barry
245 4 _aThe stuart age: a history of England 1603-1714
260 _aLondon
_bLongman
_c1980
300 _axii,493` p.
942 _cBK
999 _c218968
_d218968